| 000 | 00536nam a2200145Ia 4500 | ||
|---|---|---|---|
| 008 | 100204s9999 xx 000 0 und d | ||
| 082 | _b6489 | ||
| 100 | _aबेडेकर विश्राम | ||
| 245 | _aएक झाड आणि दोन पक्षी | ||
| 260 |
_b"पॉप्युलर प्रकाशन , मुंबई" _c1984 |
||
| 300 | _a8+315+12 | ||
| 630 | _aएक झाड आणि दोन पक्षी | ||
| 730 | _aएक झाड आणि दोन पक्षी | ||
| 942 | _cBOOK | ||
| 999 |
_c450928 _d450925 |
||